MARC

LEADER 00000nam^a2200000^a^4500
001 000174289
005 20250521000000.0
009 20260310101522.819
020 |a 958-616-536-1 
037 |a Acervo ITESO - Biblioteca 
041 |a ESP 
082 |a 372. 623  |b PAL 
245 1 3 |a La palabra escrita de los niños :  |b entre la fantasía y la realidad /  |c Coord. de Betty Montoy... [et al.] ; presen. de Miryam L. Ochoa. 
264 4 |a Bogotá, Colombia :  |b Universidad Externado de Colombia :  |b Fundación W.K. Kellogg :  |b Secretaría de Educación del Distrito Capital,  |c 2001, c2001 
300 |a 106 p. 
336 |a texto  |b txt  |2 rdacontenido 
337 |a sin mediación  |b n  |2 rdamedio 
338 |a volumen  |b nc  |2 rdasoporte 
649 |a XX 
650 |a Creación (Literaria, Artística, etc.) 
650 |a Lectoescritura 
650 |a Lectura Oral 
650 |a Comunicación Escrita 
650 |a Comunicación Verbal 
650 |a Competencia Lingüística 
650 |a Competencia Comunicativa 
650 |a Competencias (Educación) 
650 |a Subjetividad (Psicología) 
650 |a Diversidad Cultural 
650 |a Diferencia y Otredad 
650 |a Aprendizaje Significativo 
650 |a Talleres Educativos 
650 |a Apoyos Didácticos 
650 |a Didáctica 
650 |a Relaciones Maestro-Alumno 
650 |a Relaciones Padres-Hijos 
650 |a Metodología Educativa 
650 |a Educación Primaria 
650 |a Educación Formal 
650 |a Cuentos Colombianos -  |x Historia y Crítica 
650 |a Literatura Colombiana -  |x Historia y Crítica 
650 |a Literatura Colombiana -  |y Siglo XXI 
650 |a Literatura y Sociedad 
650 |a Semiótica y Literatura 
650 |a Semiótica y Sociedad 
650 |a Discurso 
650 |a Análisis de Contenido 
650 |a Investigación Educativa -  |x Metodología 
650 |a Metodología Cualitativa 
650 |a Sociología de la Educación 
650 |a Lenguaje y Educación 
650 |a Lenguaje y Pensamiento 
700 |a Monroy, Betty  |e (coordinación) 
910 |a Fondo General 
920 |a Impresos - Libros 
930 |a Colección General 
905 |a 101 
901 |a 0500111956  |b IT1  |c ACC  |u 20250521 
902 |a https://opac.biblio.iteso.mx/vufind/Record/000174289